1581 1428 1355 1986 1852 1478 1353 1004 1826 1473 1043 1809 1010 1937 1610 1323 1082 1653 1787 1049 1268 1233 1414 1371 1798 1530 1289 1026 1693 1172 1666 1493 1246 1185 1785 1671 1763 1674 1143 1416 1890 1782 1285 1480 1772 1280 1147 1184 1920 1426 1605 1757 1001 1545 1475 1085 1908 1545 1675 1170 1677 1883 1224 1216 1438 1849 1740 1411 1035 1887 1917 1877 1840 1017 1446 1961 1639 1948 1912 1006 1807 1392 1460 1287 1758 1006 1146 1498 1304 1500 1704 1874 1304 1205 1986 1564 1067 1338 1759 BCNSPRNW ULIB Ver.6.0+V

เปลี่ยนเป็นภาษาไทย

Change to English
 แสดงรายละเอียดบรรณานุกรม
  กลับหน้าหลัก

Brief Record : Get Marc (ISO 2709) : E-mail record : QR code < ปิดหน้าต่าง
LEADER : 00000nam 2200000uu 4500
001    13399120097
003     ULIB
008    120830s2554||||th 000 0 tha d
020    ^a9786161100308 (ล.1)
040    ^abra
060 04 ^aQV4^bภ781 ล.1
245 00 ^aเภสัชวิทยา^nเล่ม 1 =^bPharmacology I /^cบรรณาธิการ,พยงค์ เทพอักษร, โพยม วงศ์ภูวรักษ์
246 31 ^aPharmacology I
250    ^aพิมพ์ครั้งที่ 4
260    ^aนนทบุรี :^bโครงการสวัสดิการวิชาการ สถาบันพระบรมราชชนก,^c2554
300    ^a119 หน้า :^bภาพประกอบ ;^c27 ซม.
650  2 ^aPharmacology
650  7 ^aเภสัชวิทยา
700 0  ^aพยงค์ เทพอักษร,^eบรรณาธิการ
700 0  ^aโพยม วงศ์ภูวรักษ์,^eบรรณาธิการ
710 2  ^aสถาบันพระบรมราชชนก. ^bโครงการสวัสดิการวิชาการ
945    ^p120^l0^i19350
945    ^p120^l0^i19351
995    ^aทศพร
999    ^aทศพร เกษรทอง
รายการนี้ยังไม่มีแท็ก
คุณยังไม่ได้ล็อกอิน คุณสามารถมีกิจกรรมร่วมกับเว็บไซต์ได้ แต่ต้องล็อกอินก่อน ::
  ล็อกอิน

รายการสื่อสารสนเทศ

ลำดับที่ ประเภท เลขเรียก/บาร์โค้ด สถานที่ สถานะ
1. วิทยาศาสตร์การแพทย์ และสุขภาพ
วิทยาศาสตร์การแพทย์ และสุขภาพ
สถานะ=หนังสือเก่า
QV4 ภ781 ล.1 ฉ.1 
  Barcode: 19350
ห้องสมุดวิทยาเขตนครสวรรค์
►ส่วนจัดเก็บหนังสือเก่า นว.
บนชั้น
  ขอยืม
2. วิทยาศาสตร์การแพทย์ และสุขภาพ
วิทยาศาสตร์การแพทย์ และสุขภาพ
สถานะ=หนังสือเก่า
QV4 ภ781 ล.1 ฉ.2 
  Barcode: 19351
ห้องสมุดวิทยาเขตนครสวรรค์
►ส่วนจัดเก็บหนังสือเก่า นว.
บนชั้น
  ขอยืม

รายการใกล้เคียง
    หัวเรื่อง [Pharmacology]
    หัวเรื่อง [เภสัชวิทยา]

BibComment


ยังไม่เคยถูกคอมเมนท์

คอมเมนท์ทรัพยากรรายการนี้
  คอมเมนท์: เภสัชวิทยา เล่ม ..


 Copyright 2026. Bcnsprnw @Library